| 000 | 00785nam a2200205 i 4500 | ||
|---|---|---|---|
| 001 | 171900 | ||
| 003 | ES-MaACL | ||
| 005 | 20230906214747.0 | ||
| 008 | 090605s1928 fr |||| | fre d | ||
| 080 | _a782.6 | ||
| 100 | 1 |
_aCarré, Albert. _935593 |
|
| 245 | 1 | 3 |
_aLe Roi malgré lui _b: opéra-comique en trois actes de E. de Najac et P. Burani, d'après une pièce d'Ancelot / _cversion nouvelle de Albert Carré ; musique de Emmanuel Chabrier. |
| 260 |
_aParis : _bLibrairie Théâtrale, _c1928. |
||
| 300 |
_a190 p. ; _c18 cm. |
||
| 650 | 4 |
_aOperetas- _vLibretos. _9139352 |
|
| 700 | 1 |
_aChabrier, Emmanuel. _937739 |
|
| 700 | 1 |
_aBurani, Paul. _9139801 |
|
| 700 | 1 |
_aNajac, Émile de. _9130384 |
|
| 852 | 4 |
_aES-MaACL _jE-12668 _9R.140266 _z. - Biblioteca Jacinto Martínez Lacalle |
|
| 999 |
_c171900 _d171900 |
||